[Event "19th EUR-ch"]
[Site "Batumi GEO"]
[Date "2018.03.25"]
[Round "8.63"]
[White "Blohberger, Felix"]
[Black "Paichadze, Luka"]
[Result "1/2-1/2"]
[WhiteElo "2409"]
[BlackElo "2581"]
[EventDate "2018.03.17"]
[PlyCount "108"]

1.c4 Nf6 2.Nc3 e5 3.Nf3 Nc6 4.e3 Bb4 5.Qc2 O-O 6.Nd5 Re8 7.Qf5 d6 8.Nxf6+ 
Qxf6 9.Qxf6 gxf6 10.a3 Bc5 11.b4 Bb6 12.Bb2 a5 13.b5 Ne7 14.d4 a4 15.O-O-O
Bf5 16.c5 Ba5 17.Bc4 Rad8 18.Nh4 Bc8 19.Rhg1 Ng6 20.Nf3 Bf5 21.h3 h6 22.
Bd5 Bd7 23.c6 bxc6 24.bxc6 Be6 25.Be4 Bb3 26.Bc2 Bxc2 27.Kxc2 d5 28.Bc3 
Bxc3 29.Kxc3 e4 30.Nd2 Re6 31.Kb2 f5 32.g3 Rxc6 33.Rc1 Rb8+ 34.Ka2 Rbb6 
35.Nb1 Ne7 36.Nc3 Ra6 37.Rc2 Rc4 38.Rb1 c5 39.dxc5 Rxc5 40.Rb4 Nc6 41.Rb5 
Ra5 42.Rxc5 Rxc5 43.Kb1 Ra5 44.Nxe4 Rb5+ 45.Kc1 fxe4 46.Rxc6 Rb3 47.Rc5 
Rd3 48.Ra5 d4 49.exd4 Rxd4 50.Rb5 Rd3 51.Rb4 Rxa3 52.Rxe4 Ra2 53.Kd1 a3 
54.Ra4 Rxf2 1/2-1/2

[Event "19th EUR-ch"]
[Site "Batumi GEO"]
[Date "2018.03.25"]
[Round "8.64"]
[White "Postny, Evgeny"]
[Black "Rzayev, Bahruz"]
[Result "1-0"]
[WhiteElo "2579"]
[BlackElo "2390"]
[EventDate "2018.03.17"]
[PlyCount "125"]

1.d4 d5 2.c4 e6 3.Nf3 Nf6 4.Nc3 c5 5.cxd5 cxd4 6.Qxd4 exd5 7.e4 Nc6 8.Bb5 
dxe4 9.Qxd8+ Kxd8 10.Ng5 Ke8 11.Ngxe4 Nxe4 12.Nxe4 f5 13.Ng5 h6 14.Nf3 
Bb4+ 15.Bd2 Bxd2+ 16.Kxd2 Kf7 17.Bxc6 Rd8+ 18.Kc3 bxc6 19.Rhd1 Be6 20.Ne5+
Kf6 21.f4 Bd5 22.g3 g5 23.Rd2 Ke6 24.Rad1 Rac8 25.b3 gxf4 26.gxf4 Rg8 27.
Re2 Rg7 28.Rd3 Kf6 29.Rh3 Rh8 30.Ree3 h5 31.Rhg3 h4 32.Rxg7 Kxg7 33.Re1 h3
34.Kd4 Rh4 35.Ke3 Kf6 36.Rg1 Bg2 37.Rd1 Ke6 38.Rd7 a5 39.Ra7 Rh8 40.Rxa5 
Rd8 41.Nd3 Bf1 42.Ne1 Kf6 43.Re5 Bg2 44.Nd3 Bd5 45.Nc5 Rg8 46.Kd3 Rg4 47.
Re3 Rxf4 48.Rxh3 Rf2 49.a4 Ke5 50.Kc3 Kd6 51.Nd3 Rf1 52.Rh6+ Kc7 53.Rh7+ 
Kb8 54.a5 Rf3 55.Kd4 Bxb3 56.Ne5 Rf4+ 57.Kc5 Bd5 58.a6 Rf2 59.Rb7+ Kc8 60.
Nd7 Bg2 61.Nb6+ Kd8 62.a7 Rc2+ 63.Nc4 1-0

[Event "19th EUR-ch"]
[Site "Batumi GEO"]
[Date "2018.03.25"]
[Round "8.65"]
[White "Stocek, Jiri"]
[Black "Mirzoev, Emil"]
[Result "1-0"]
[WhiteElo "2567"]
[BlackElo "2405"]
[EventDate "2018.03.17"]
[PlyCount "69"]

1.d4 e6 2.c4 d5 3.Nf3 Nf6 4.g3 Bb4+ 5.Nc3 dxc4 6.Bg2 b5 7.a4 c6 8.O-O Qb6 
9.axb5 cxb5 10.d5 Bxc3 11.dxe6 Bb4 12.exf7+ Ke7 13.Be3 Bc5 14.Bxc5+ Qxc5 
15.Nd4 Kxf7 16.Bxa8 Bh3 17.Bg2 Bxg2 18.Kxg2 Rd8 19.e3 Nc6 20.Qf3 Nxd4 21.
exd4 Rxd4 22.Ra6 Kg6 23.Re1 h5 24.Re8 Rd6 25.Rc8 Qxc8 26.Rxd6 Qc5 27.Qe4+ 
Qf5 28.f3 h4 29.gxh4 Qxe4 30.fxe4 Kf7 31.Kf3 a5 32.e5 Ne8 33.Rd5 b4 34.
Rxa5 Ke6 35.Ke4 1-0

[Event "19th EUR-ch"]
[Site "Batumi GEO"]
[Date "2018.03.25"]
[Round "8.66"]
[White "Moiseenko, Vadim"]
[Black "Konaplev, Anton"]
[Result "1-0"]
[WhiteElo "2552"]
[BlackElo "2337"]
[EventDate "2018.03.17"]
[PlyCount "53"]

1.e4 e6 2.d4 d5 3.Bd3 Nf6 4.e5 Nfd7 5.c3 c5 6.Nf3 Be7 7.O-O Nc6 8.Re1 a6 
9.Bc2 b5 10.Nbd2 b4 11.c4 Nb6 12.cxd5 Nxd5 13.dxc5 Bxc5 14.Nc4 Bb7 15.Bg5 
Qd7 16.Rc1 Rc8 17.Nfd2 Nd4 18.Ba4 Nb5 19.Ne4 O-O 20.Qg4 Kh8 21.Qh4 Be7 22.
Nf6 Nxf6 23.exf6 Bxf6 24.Bc2 h6 25.Bxf6 Kg8 26.Qg3 g5 27.Bxg5 1-0

[Event "19th EUR-ch"]
[Site "Batumi GEO"]
[Date "2018.03.25"]
[Round "8.67"]
[White "Savchenko, Boris"]
[Black "Danielyan, Vahe"]
[Result "1-0"]
[WhiteElo "2550"]
[BlackElo "2331"]
[EventDate "2018.03.17"]
[PlyCount "65"]

1.c4 Nf6 2.Nc3 g6 3.e4 d6 4.d4 Bg7 5.Be2 O-O 6.Be3 e5 7.d5 Bd7 8.Nf3 a6 9.
Nd2 c6 10.a4 a5 11.c5 cxd5 12.exd5 dxc5 13.Bxc5 Re8 14.Nc4 Na6 15.Bb6 Qe7 
16.Bxa5 Rac8 17.Nb6 Rc5 18.Nxd7 Nxd7 19.Bb5 e4 20.O-O Qd6 21.Rc1 f5 22.Qb3
Rec8 23.Bxd7 Qxd7 24.Bb6 Rc4 25.d6 Kh8 26.a5 Nb4 27.Bc7 R4xc7 28.dxc7 Nd3 
29.Nd5 Bd4 30.Qxb7 Bxf2+ 31.Rxf2 e3 32.Qxc8+ Qxc8 33.Ne7 1-0

[Event "19th EUR-ch"]
[Site "Batumi GEO"]
[Date "2018.03.25"]
[Round "8.68"]
[White "Manafov, Vugar"]
[Black "Shevchenko, Kirill"]
[Result "1/2-1/2"]
[WhiteElo "2263"]
[BlackElo "2545"]
[EventDate "2018.03.17"]
[PlyCount "106"]

1.Nf3 Nf6 2.g3 g6 3.b3 Bg7 4.Bb2 O-O 5.Bg2 c5 6.c4 d6 7.d4 Ne4 8.Nbd2 Qa5 
9.Qc1 Nxd2 10.Qxd2 Qxd2+ 11.Kxd2 Nc6 12.e3 Bg4 13.Rae1 e5 14.d5 Ne7 15.Ng5
Rad8 16.f4 h6 17.Ne4 exf4 18.Nf6+ Kh8 19.Nxg4 Bxb2 20.gxf4 f5 21.Nf2 Bf6 
22.h4 Rde8 23.Nd3 h5 24.a3 Kh7 25.b4 b6 26.bxc5 bxc5 27.a4 Rb8 28.Rb1 Kg7 
29.a5 a6 30.Rb6 Rxb6 31.axb6 Rb8 32.Rb1 a5 33.b7 a4 34.Rb6 a3 35.Nc1 Kf7 
36.Kc2 Ke8 37.Rxd6 Rxb7 38.Rxf6 Rb2+ 39.Kd3 Rxg2 40.Ra6 Rh2 41.Nb3 a2 42.
Nxc5 Nc8 43.Nb3 Rxh4 44.Rxa2 Rh1 45.c5 h4 46.Nd4 h3 47.Nf3 Ne7 48.d6 Nc6 
49.Rd2 Rc1 50.Rh2 Rxc5 51.Nd4 Rd5 52.Rxh3 Rxd6 53.Kc4 Ne7 1/2-1/2

[Event "19th EUR-ch"]
[Site "Batumi GEO"]
[Date "2018.03.25"]
[Round "8.69"]
[White "Beliavsky, Alexander"]
[Black "Oboladze, Luka"]
[Result "1/2-1/2"]
[WhiteElo "2537"]
[BlackElo "2318"]
[EventDate "2018.03.17"]
[PlyCount "108"]

1.d4 Nf6 2.c4 g6 3.Nc3 d5 4.cxd5 Nxd5 5.Bd2 Bg7 6.e4 Nxc3 7.Bxc3 O-O 8.Qd2
Nd7 9.Nf3 c5 10.d5 Nf6 11.Qc2 e6 12.d6 Bd7 13.Ne5 b5 14.Nxd7 Qxd7 15.Rd1 
Qc6 16.f3 Rad8 17.Be2 Nd7 18.O-O Nb6 19.Bxg7 Kxg7 20.e5 Nd5 21.Qd2 c4 22.
Qd4 Qb6 23.Rf2 Qxd4 24.Rxd4 Nb4 25.a4 Nc6 26.Re4 a6 27.f4 Na5 28.g4 f6 29.
axb5 axb5 30.exf6+ Rxf6 31.Re5 Rxd6 32.Rxb5 Rd5 33.Rb4 Rc5 34.Rf3 e5 35.
fxe5 Rxf3 36.Bxf3 Rxe5 37.Kf2 Rc5 38.Ra4 Nb3 39.Ra7+ Kg8 40.Rd7 h5 41.gxh5
gxh5 42.Ke3 c3 43.bxc3 Rxc3+ 44.Kf4 Nc5 45.Bd5+ Kf8 46.Rh7 Rh3 47.Ke5 Rxh2
48.Kd6 Nd3 49.Rf7+ Ke8 50.Rf5 Nb4 51.Bc4 Rd2+ 52.Ke6 Kd8 53.Rxh5 Kc7 54.
Rc5+ Nc6 1/2-1/2

[Event "19th EUR-ch"]
[Site "Batumi GEO"]
[Date "2018.03.25"]
[Round "8.70"]
[White "Sutovsky, Emil"]
[Black "Suleymanli, Aydin"]
[Result "1-0"]
[WhiteElo "2659"]
[BlackElo "2210"]
[EventDate "2018.03.17"]
[PlyCount "109"]

1.e4 e6 2.d4 d5 3.Nd2 c5 4.Ngf3 cxd4 5.exd5 exd5 6.Bb5+ Nc6 7.Nxd4 Bd7 8.
Qe2+ Qe7 9.N2f3 Qxe2+ 10.Bxe2 Bd6 11.Nb5 Bb8 12.Bg5 f6 13.Be3 Nge7 14.
O-O-O O-O 15.Rhe1 a6 16.Nc3 Be6 17.Bc5 Kf7 18.Bxe7 Nxe7 19.Nd4 Bd7 20.Bf3 
Bc6 21.Bg4 Re8 22.g3 Be5 23.f4 Bxd4 24.Rxd4 Rad8 25.Be6+ Kf8 26.Red1 Rd6 
27.f5 b6 28.g4 Bb7 29.b3 g6 30.R4d3 gxf5 31.gxf5 Bc8 32.Bxc8 Rxc8 33.Nxd5 
Nxd5 34.Rxd5 Rxd5 35.Rxd5 Ke7 36.a4 Rc3 37.h4 Rf3 38.Kb2 h5 39.c4 Rf4 40.
a5 bxa5 41.Rxa5 Rxh4 42.Rxa6 Rf4 43.Re6+ Kf7 44.Re2 Rxf5 45.b4 Re5 46.Rd2 
h4 47.b5 Rc5 48.Kc3 h3 49.Rd7+ Kg6 50.Rd1 Rc8 51.Kb4 h2 52.b6 Rh8 53.Rh1 
f5 54.Kc5 f4 55.b7 1-0

[Event "19th EUR-ch"]
[Site "Batumi GEO"]
[Date "2018.03.25"]
[Round "8.71"]
[White "Zanan, Evgeny"]
[Black "Solak, Dragan"]
[Result "1/2-1/2"]
[WhiteElo "2493"]
[BlackElo "2629"]
[EventDate "2018.03.17"]
[PlyCount "123"]

1.d4 d5 2.c4 c6 3.Nf3 Nf6 4.g3 Bg4 5.Ne5 Bf5 6.cxd5 cxd5 7.Nc3 Nc6 8.f3 g6
9.Bg2 Bg7 10.O-O O-O 11.e4 dxe4 12.fxe4 Bd7 13.Nxc6 Bxc6 14.d5 Qb6+ 15.Kh1
Bb5 16.Nxb5 Qxb5 17.e5 Nd7 18.e6 fxe6 19.dxe6 Ne5 20.a4 Rxf1+ 21.Qxf1 
Qxf1+ 22.Bxf1 Rd8 23.Be3 Nc6 24.Rb1 Bd4 25.Bf4 Kg7 26.b4 Bf6 27.b5 Nd4 28.
b6 Ra8 29.bxa7 Rxa7 30.Rb4 Nxe6 31.Be3 Ra5 32.Bb6 Rd5 33.Rb1 Bd4 34.Bc4 
Rd6 35.Bxd4+ Nxd4 36.Rxb7 Rc6 37.Bf1 Rc1 38.Kg1 Kf6 39.a5 Rc2 40.Bd3 Nf3+ 
41.Kf1 Nxh2+ 42.Ke1 Nf3+ 43.Kf1 Nh2+ 44.Ke1 Nf3+ 45.Kf1 Rd2 46.Bc4 Nh2+ 
47.Ke1 Nf3+ 48.Kf1 Ne5 49.Be2 Ra2 50.a6 h5 51.Rb4 g5 52.Bb5 Ra5 53.Ra4 
Rxa4 54.Bxa4 Nc4 55.a7 Nb6 56.Kf2 Ke5 57.Kf3 Kd4 58.Bc6 e5 59.Bb7 Kd3 60.
Be4+ Kd4 61.Bg6 h4 62.gxh4 1/2-1/2

[Event "19th EUR-ch"]
[Site "Batumi GEO"]
[Date "2018.03.25"]
[Round "8.72"]
[White "Zhigalko, Sergei"]
[Black "Golubov, Saveliy"]
[Result "1-0"]
[WhiteElo "2625"]
[BlackElo "2495"]
[EventDate "2018.03.17"]
[PlyCount "153"]

1.e4 c5 2.Nf3 e6 3.d4 d5 4.exd5 exd5 5.Bb5+ Nc6 6.O-O Nf6 7.c4 a6 8.Bxc6+ 
bxc6 9.Qa4 Qb6 10.Nc3 Be6 11.Re1 Be7 12.cxd5 Nxd5 13.Nxd5 Bxd5 14.dxc5 
Qxc5 15.Bg5 f6 16.Be3 Qb4 17.Qc2 O-O 18.Nd4 Rfc8 19.a3 Qd6 20.Nf5 Qd7 21.
Bh6 Bf8 22.Bxg7 Be6 23.Nd4 Qxd4 24.Bxf8 Qc4 25.Rac1 Qxc2 26.Rxc2 Re8 27.
Rce2 Kf7 28.Bc5 Bc4 29.Re7+ Rxe7 30.Rxe7+ Kg6 31.Rd7 Re8 32.Be7 Kf7 33.
Bb4+ Kg6 34.Be7 a5 35.f3 a4 36.h3 h5 37.Kh2 Bd5 38.Kg3 Kf7 39.Bb4+ Kg6 40.
Be7 Kf7 41.Bb4+ Kg6 42.Kf2 Bc4 43.Rd2 Re6 44.Bc3 Bd5 45.Rd4 Bb3 46.Rf4 Kg5
47.Kg3 c5 48.Bd2 Kg6 49.Kf2 f5 50.Rh4 Rd6 51.Be3 Rd5 52.Kg3 Re5 53.Kf4 Rd5
54.g4 fxg4 55.hxg4 hxg4 56.fxg4 c4 57.Rh8 Rd7 58.Rc8 Rf7+ 59.Kg3 Rf1 60.
Rc6+ Rf6 61.Rc7 Rf7 62.Rc8 Rf1 63.Bd4 Kf7 64.Rc6 Rd1 65.Rf6+ Ke7 66.Rf4 
Ke6 67.Bc3 Kd5 68.Rf5+ Ke6 69.Rf6+ Kd5 70.Kf2 Bc2 71.g5 Rh1 72.Ra6 Rh2+ 
73.Kg3 Rh1 74.Kg2 Rh4 75.Kf3 Bd1+ 76.Kf2 Rf4+ 77.Ke1 1-0

[Event "19th EUR-ch"]
[Site "Batumi GEO"]
[Date "2018.03.25"]
[Round "8.73"]
[White "Antipov, Mikhail"]
[Black "Neverov, Valeriy"]
[Result "0-1"]
[WhiteElo "2616"]
[BlackElo "2480"]
[EventDate "2018.03.17"]
[PlyCount "40"]

1.e4 e5 2.Nf3 Nc6 3.Bb5 Bc5 4.O-O Nd4 5.Nxd4 Bxd4 6.c3 Bb6 7.d4 c6 8.Bc4 
d6 9.Kh1 Nf6 10.f4 exd4 11.e5 Ng4 12.Qf3 Qh4 13.h3 d5 14.Bb3 Bf5 15.cxd4 
Bxd4 16.Nc3 Nf2+ 17.Kh2 Ng4+ 18.Kh1 h5 19.Nxd5 cxd5 20.Qxd5 Qg3 0-1

[Event "19th EUR-ch"]
[Site "Batumi GEO"]
[Date "2018.03.25"]
[Round "8.74"]
[White "Bosiocic, Marin"]
[Black "Zarubitski, Viachaslau"]
[Result "1-0"]
[WhiteElo "2611"]
[BlackElo "2425"]
[EventDate "2018.03.17"]
[PlyCount "81"]

1.d4 d5 2.c4 c6 3.Nf3 Nf6 4.e3 Bf5 5.Nc3 a6 6.Bd3 Bxd3 7.Qxd3 e6 8.O-O Bb4
9.Bd2 O-O 10.a3 Be7 11.e4 dxe4 12.Nxe4 Nxe4 13.Qxe4 Nd7 14.Bf4 Nf6 15.Qc2 
Bd6 16.Bg5 h6 17.Bd2 Qe7 18.Rfe1 Rfd8 19.Ba5 Bc7 20.Bc3 Rac8 21.Ne5 Qf8 
22.Qe2 c5 23.dxc5 Qxc5 24.Rac1 Bxe5 25.Bxe5 Nd7 26.Bg3 a5 27.Bh4 g5 28.Bg3
a4 29.h4 Qf5 30.Rc3 Qg6 31.hxg5 hxg5 32.Bd6 Nc5 33.Be7 Rd3 34.Rxd3 Nxd3 
35.Rd1 Nf4 36.Qe5 Nd3 37.Qb5 Kg7 38.Qd7 Nf4 39.Qxc8 Qe4 40.Qf8+ Kg6 41.
Qg8+ 1-0

[Event "19th EUR-ch"]
[Site "Batumi GEO"]
[Date "2018.03.25"]
[Round "8.75"]
[White "Mindlin, Alon"]
[Black "Jojua, Davit"]
[Result "1-0"]
[WhiteElo "2442"]
[BlackElo "2601"]
[EventDate "2018.03.17"]
[PlyCount "59"]

1.d4 g6 2.c4 Bg7 3.Nc3 c5 4.d5 d6 5.e4 e6 6.Be3 Ne7 7.Qd2 exd5 8.cxd5 O-O 
9.Bh6 Nd7 10.Bxg7 Kxg7 11.h4 h5 12.O-O-O Nf6 13.f4 a6 14.Be2 b5 15.e5 Ng4 
16.Ne4 dxe5 17.d6 Ng8 18.fxe5 Nxe5 19.Qd5 Bf5 20.Qxe5+ f6 21.Qd5 Re8 22.d7
Re5 23.Qxa8 Qxa8 24.d8=Q Qxe4 25.Bd3 Qxg2 26.Nh3 Rd5 27.Qc7+ Rd7 28.Nf4 
Qf3 29.Qb8 Bxd3 30.Rh3 1-0

[Event "19th EUR-ch"]
[Site "Batumi GEO"]
[Date "2018.03.25"]
[Round "8.76"]
[White "Kobalia, Mikhail"]
[Black "Drori, Saar"]
[Result "1-0"]
[WhiteElo "2599"]
[BlackElo "2420"]
[EventDate "2018.03.17"]
[PlyCount "63"]

1.Nf3 c5 2.c4 Nc6 3.Nc3 g6 4.e3 Nf6 5.d4 cxd4 6.exd4 d5 7.cxd5 Nxd5 8.Qb3 
e6 9.Bg5 Be7 10.Bh6 Bf8 11.Bxf8 Kxf8 12.h4 h5 13.Bb5 Nce7 14.Bc4 Nf4 15.g3
Nfd5 16.Ne5 Nc7 17.O-O-O f6 18.Nd3 b5 19.Nxb5 Rb8 20.Nc5 Nxb5 21.a4 Qc7 
22.axb5 e5 23.Qc3 exd4 24.Qxd4 Kg7 25.b4 a6 26.Rhe1 axb5 27.Be6 Nf5 28.Qc3
Qa7 29.Kb2 Re8 30.Bxc8 Rexc8 31.Re6 Ra8 32.Rd7+ 1-0

[Event "19th EUR-ch"]
[Site "Batumi GEO"]
[Date "2018.03.25"]
[Round "8.77"]
[White "Firat, Burak"]
[Black "Wagner, Dennis"]
[Result "1/2-1/2"]
[WhiteElo "2453"]
[BlackElo "2566"]
[EventDate "2018.03.17"]
[PlyCount "71"]

1.e4 e5 2.Nf3 Nc6 3.Bc4 Bc5 4.c3 Nf6 5.d3 a6 6.a4 Ba7 7.Na3 h6 8.O-O O-O 
9.Re1 d6 10.Nc2 Ne7 11.Be3 Bb8 12.d4 Nxe4 13.dxe5 d5 14.Ba2 c6 15.c4 Be6 
16.Nb4 a5 17.Nd3 dxc4 18.Nc5 Nxc5 19.Bxc5 Bd5 20.Qc2 Ba7 21.Bxa7 Rxa7 22.
Rad1 Qb6 23.Bb1 g6 24.Nd4 Raa8 25.Qc1 Kg7 26.Qf4 Ng8 27.Qg3 Rfe8 28.Nf5+ 
Kf8 29.Nd6 Re7 30.Be4 Qxb2 31.Bxd5 cxd5 32.Qf3 c3 33.Rb1 Qd2 34.Rbd1 Qb2 
35.Rb1 Qd2 36.Rbd1 1/2-1/2

[Event "19th EUR-ch"]
[Site "Batumi GEO"]
[Date "2018.03.25"]
[Round "8.78"]
[White "Tutisani, Noe"]
[Black "Santos Latasa, Jaime"]
[Result "1/2-1/2"]
[WhiteElo "2394"]
[BlackElo "2549"]
[EventDate "2018.03.17"]
[PlyCount "84"]

1.d4 Nf6 2.c4 e6 3.Nc3 Bb4 4.f3 c5 5.d5 d6 6.e4 b5 7.Ne2 bxc4 8.Nf4 Bxc3+ 
9.bxc3 e5 10.Ne2 Nbd7 11.Ng3 Nb6 12.Be2 Ng8 13.h4 Ne7 14.Nh5 O-O 15.g4 Ng6
16.Bd2 Rb8 17.Qc1 Qe7 18.a4 a5 19.Ng3 Nxh4 20.Kf2 Ng6 21.Nf5 Bxf5 22.gxf5 
Nf4 23.Bxf4 exf4 24.Qxf4 Qf6 25.Rag1 Kh8 26.Qh4 Qxh4+ 27.Rxh4 f6 28.Ra1 
Kg8 29.Rhh1 g6 30.fxg6 hxg6 31.Rhb1 f5 32.exf5 Kg7 33.fxg6 Kxg6 34.Rb5 
Nxd5 35.Rd1 Rxb5 36.axb5 Nxc3 37.Rxd6+ Kg5 38.Rc6 Nxb5 39.Rxc5+ Rf5 40.
Rxf5+ Kxf5 41.Bxc4 Nd6 42.Bb3 Ke5 1/2-1/2

[Event "19th EUR-ch"]
[Site "Batumi GEO"]
[Date "2018.03.25"]
[Round "8.79"]
[White "Palac, Mladen"]
[Black "Korchmar, Vasiliy"]
[Result "1-0"]
[WhiteElo "2546"]
[BlackElo "2411"]
[EventDate "2018.03.17"]
[PlyCount "71"]

1.Nf3 d5 2.d4 Nf6 3.c4 e6 4.g3 dxc4 5.Bg2 Bb4+ 6.Bd2 a5 7.Qc2 Bxd2+ 8.Qxd2
c6 9.a4 Ne4 10.Qc1 Nd6 11.Ne5 Qb6 12.e3 f6 13.Nxc4 Nxc4 14.Qxc4 Qxb2 15.
O-O Qxa1 16.Qb3 b5 17.Nc3 Qxf1+ 18.Bxf1 O-O 19.axb5 cxb5 20.Bxb5 Kh8 21.
Qa3 Kg8 22.Qd6 Na6 23.d5 e5 24.Qc6 Ra7 25.Qb6 Ra8 26.Qc6 Ra7 27.Qb6 Ra8 
28.d6 Nb4 29.d7 Ba6 30.Qxa5 Bxb5 31.Qxb5 Rab8 32.Qc4+ Kh8 33.Ne4 Rfd8 34.
Qe6 h6 35.Nd6 Kh7 36.Ne8 1-0

[Event "19th EUR-ch"]
[Site "Batumi GEO"]
[Date "2018.03.25"]
[Round "8.80"]
[White "Nevednichy, Vladislav"]
[Black "Soysal, Serkan"]
[Result "1-0"]
[WhiteElo "2542"]
[BlackElo "2406"]
[EventDate "2018.03.17"]
[PlyCount "61"]

1.c4 c5 2.Nc3 Nf6 3.g3 g6 4.Bg2 Bg7 5.e4 O-O 6.Nge2 Nc6 7.d3 d6 8.Rb1 a6 
9.O-O Rb8 10.a4 Bg4 11.f3 Bd7 12.Be3 e5 13.h3 Ne8 14.f4 Nc7 15.f5 b5 16.
axb5 axb5 17.cxb5 Nb4 18.g4 Nxb5 19.g5 Re8 20.Ng3 Nd4 21.Rf2 Qc8 22.Ra1 
Ra8 23.Ra3 Qb7 24.h4 Bb5 25.Bf1 Bc6 26.h5 Rxa3 27.bxa3 Na6 28.f6 Bf8 29.
hxg6 hxg6 30.Qg4 Qb3 31.Bxd4 1-0

[Event "19th EUR-ch"]
[Site "Batumi GEO"]
[Date "2018.03.25"]
[Round "8.81"]
[White "Kantans, Toms"]
[Black "Arabidze, Meri"]
[Result "1-0"]
[WhiteElo "2508"]
[BlackElo "2369"]
[EventDate "2018.03.17"]
[PlyCount "73"]

1.e4 e5 2.Nf3 Nf6 3.Nxe5 d6 4.Nf3 Nxe4 5.d4 d5 6.Bd3 Be7 7.O-O Bf5 8.Re1 
Nc6 9.Nc3 Nxc3 10.bxc3 Bxd3 11.Qxd3 O-O 12.Rb1 Na5 13.Bf4 c6 14.c4 dxc4 
15.Qe4 Bf6 16.Bd2 c3 17.Bxc3 Nc4 18.a4 Qd7 19.Ne5 Bxe5 20.dxe5 b5 21.Red1 
Qe6 22.axb5 Na3 23.Ra1 Nxb5 24.Ba5 c5 25.Rd5 Rac8 26.c4 Nd4 27.Bc3 Qb6 28.
h4 Qb3 29.Bxd4 cxd4 30.e6 Qxc4 31.Rxa7 h6 32.Rdd7 Qc1+ 33.Kh2 Qc2 34.Qxc2 
Rxc2 35.e7 Re8 36.Rd8 Rc8 37.Rad7 1-0

[Event "19th EUR-ch"]
[Site "Batumi GEO"]
[Date "2018.03.25"]
[Round "8.82"]
[White "Shengelia, David"]
[Black "Davtian, Artur"]
[Result "1-0"]
[WhiteElo "2508"]
[BlackElo "2351"]
[EventDate "2018.03.17"]
[PlyCount "63"]

1.b3 Nf6 2.Bb2 e6 3.e3 d5 4.c4 Nbd7 5.Nf3 a6 6.Nc3 b6 7.cxd5 exd5 8.d4 Bb7
9.g3 Bd6 10.Bg2 O-O 11.O-O Qe7 12.Rc1 Rfe8 13.Qc2 Rad8 14.Rfd1 Ne4 15.Nxe4
dxe4 16.Ne5 Bxe5 17.dxe5 Nc5 18.Rxd8 Rxd8 19.Bd4 Ne6 20.Bxe4 c5 21.Bxh7+ 
Kf8 22.Bc3 g6 23.f4 Kg7 24.f5 Qg5 25.Qf2 Nd4 26.e6 Kxh7 27.fxg6+ fxg6 28.
Bxd4 cxd4 29.Rc7+ Kh6 30.e7 dxe3 31.Qf8+ Kh5 32.exd8=Q 1-0

[Event "19th EUR-ch"]
[Site "Batumi GEO"]
[Date "2018.03.25"]
[Round "8.84"]
[White "Harutyunian, Tigran K."]
[Black "Qalagashvili, Pridon"]
[Result "1-0"]
[WhiteElo "2501"]
[BlackElo "2153"]
[EventDate "2018.03.17"]
[PlyCount "68"]

1.d4 c5 2.d5 e5 3.e4 Nf6 4.Nc3 d6 5.Bb5+ Nbd7 6.a4 g6 7.Nf3 Bg7 8.O-O O-O 
9.Re1 Ne8 10.a5 Nc7 11.Bf1 Nf6 12.Nd2 Bg4 13.f3 Bd7 14.Nc4 Nfe8 15.Be3 Rb8
16.Qd2 b5 17.axb6 axb6 18.b4 Nb5 19.Na4 Nd4 20.Naxb6 Rxb6 21.Nxb6 Qxb6 22.
bxc5 dxc5 23.Reb1 Qc7 24.c3 f5 25.cxd4 cxd4 26.Bg5 fxe4 27.fxe4 Nf6 28.Bd3
Ng4 29.h3 Nf6 30.Qc1 Rc8 31.Qxc7 Rxc7 32.Ra8+ Kf7 33.Rf1 Rc3 34.Bb1 Rc7 
1-0

[Event "19th EUR-ch"]
[Site "Batumi GEO"]
[Date "2018.03.25"]
[Round "8.85"]
[White "Mgeladze, Tamaz"]
[Black "Kobo, Ori"]
[Result "1-0"]
[WhiteElo "2303"]
[BlackElo "2500"]
[EventDate "2018.03.17"]
[PlyCount "105"]

1.c4 g6 2.g3 Bg7 3.Bg2 c5 4.Nc3 Nc6 5.Nf3 d6 6.O-O e6 7.a3 Nge7 8.b4 O-O 
9.Rb1 b6 10.e3 Bb7 11.Qb3 Qd7 12.Bb2 Rab8 13.d3 h6 14.Rfd1 g5 15.Ne2 e5 
16.d4 cxd4 17.exd4 Ng6 18.dxe5 Ncxe5 19.Nxe5 Nxe5 20.Bxe5 Bxe5 21.Bxb7 
Rxb7 22.Nc3 Bxc3 23.Qxc3 Re8 24.Rd5 Re6 25.Rbd1 Rc7 26.R1d4 Qe7 27.Qd3 
Re1+ 28.Kg2 Qe2 29.Qxe2 Rxe2 30.Rxd6 Kg7 31.Rd7 Rc6 32.Rd3 Rf6 33.Rf3 Rxf3
34.Kxf3 Rc2 35.Rxa7 Rxc4 36.b5 h5 37.Ra6 f6 38.Rxb6 Rc3+ 39.Ke4 Rxa3 40.
Ra6 Rb3 41.b6 Kg6 42.Kd4 Rb2 43.Kc5 Rc2+ 44.Kd6 Rd2+ 45.Kc7 Rc2+ 46.Kb8 
Rxf2 47.b7 Rxh2 48.Kc7 Rc2+ 49.Rc6 Rb2 50.Rb6 Rc2+ 51.Kd7 Rd2+ 52.Ke7 Re2+
53.Kf8 1-0

[Event "19th EUR-ch"]
[Site "Batumi GEO"]
[Date "2018.03.25"]
[Round "8.86"]
[White "Ozen, Deniz"]
[Black "Alexandrov, Alexei"]
[Result "0-1"]
[WhiteElo "2407"]
[BlackElo "2630"]
[EventDate "2018.03.17"]
[PlyCount "132"]

1.e4 e5 2.Nf3 Nc6 3.Bb5 Nf6 4.O-O Nxe4 5.d4 Nd6 6.dxe5 Nxb5 7.a4 d6 8.e6 
fxe6 9.axb5 Nb4 10.Nc3 Be7 11.b6 Nc6 12.bxc7 Qxc7 13.Nb5 Qd8 14.Bf4 e5 15.
Bg5 Bg4 16.Bxe7 Kxe7 17.Re1 Qd7 18.h3 a6 19.Nc3 Be6 20.Ng5 Raf8 21.Nxe6 
Qxe6 22.Nd5+ Kf7 23.Qf3+ Kg8 24.Qb3 Rf7 25.f4 g6 26.fxe5 dxe5 27.Rf1 Nd4 
28.Qc4 Kg7 29.Rxf7+ Qxf7 30.Rf1 Ne2+ 31.Qxe2 Qxd5 32.Qf2 Qd4 33.Qxd4 exd4 
34.Rd1 Rd8 35.Kf1 Kf6 36.Ke2 Kg5 37.Rf1 Rd7 38.Rf3 Kh4 39.Kd3 g5 40.Rf5 h6
41.Rf6 Rh7 42.Rf3 Rc7 43.Kd2 Rc5 44.Rf6 Rc6 45.Rf3 Rb6 46.b3 h5 47.Rd3 Re6
48.Rf3 Re3 49.Rf5 Rg3 50.Rf2 a5 51.Kc1 d3 52.c4 d2+ 53.Rxd2 Rxb3 54.Rd4+ 
g4 55.hxg4 hxg4 56.Kc2 Rb4 57.Kc3 Kg3 58.Rd5 Kxg2 59.Rxa5 Rb1 60.Kc2 Rb6 
61.Rg5 g3 62.Kc3 Kf2 63.Rf5+ Kg1 64.c5 Rc6 65.Kd3 g2 66.Ke2 Rh6 0-1

[Event "19th EUR-ch"]
[Site "Batumi GEO"]
[Date "2018.03.25"]
[Round "8.87"]
[White "Polivanov, Anatoliy"]
[Black "Moroni, Luca jr"]
[Result "1/2-1/2"]
[WhiteElo "2383"]
[BlackElo "2559"]
[EventDate "2018.03.17"]
[PlyCount "39"]

1.d4 d5 2.c4 e6 3.Nc3 c6 4.Nf3 dxc4 5.e4 b5 6.a4 Bb4 7.Be2 Bb7 8.O-O a6 9.
Bd2 Be7 10.e5 Nd7 11.Qc2 Nh6 12.Bxh6 gxh6 13.Qd2 O-O 14.Qxh6 Kh8 15.Qh5 
Kg7 16.Ne4 c5 17.Nxc5 Nxc5 18.dxc5 Bxc5 19.Rfd1 Qe7 20.Rd7 1/2-1/2

[Event "19th EUR-ch"]
[Site "Batumi GEO"]
[Date "2018.03.25"]
[Round "8.88"]
[White "Meskovs, Nikita"]
[Black "Voit, Daria"]
[Result "1-0"]
[WhiteElo "2536"]
[BlackElo "2382"]
[EventDate "2018.03.17"]
[PlyCount "63"]

1.Nf3 c5 2.c4 Nc6 3.Nc3 e5 4.g3 g6 5.Bg2 d6 6.a3 Bg7 7.Rb1 a5 8.d3 Nge7 9.
O-O O-O 10.Bd2 Rb8 11.Qc1 Be6 12.Ng5 Qd7 13.Nb5 b6 14.b4 axb4 15.axb4 Nd4 
16.Nxd4 exd4 17.Nxe6 Qxe6 18.Re1 Rfc8 19.Qa3 Qd7 20.Qa6 Bf8 21.Bf4 Nf5 22.
bxc5 bxc5 23.Rb5 Ng7 24.Reb1 Qd8 25.Qa7 Rxb5 26.cxb5 Ne6 27.Bd5 Rb8 28.b6 
Bg7 29.Bd2 Bf6 30.Ba5 Qe8 31.Bxe6 fxe6 32.b7 1-0

[Event "19th EUR-ch"]
[Site "Batumi GEO"]
[Date "2018.03.25"]
[Round "8.89"]
[White "Ruck, Robert"]
[Black "Huber, Martin Christian"]
[Result "1/2-1/2"]
[WhiteElo "2529"]
[BlackElo "2372"]
[EventDate "2018.03.17"]
[PlyCount "94"]

1.c4 g6 2.d4 Nf6 3.g3 Bg7 4.Bg2 O-O 5.Nc3 d6 6.Nf3 Nbd7 7.O-O e5 8.h3 Re8 
9.e4 exd4 10.Nxd4 Nc5 11.Re1 Bd7 12.Rb1 a5 13.b3 h6 14.f3 a4 15.b4 Ne6 16.
Nde2 Ng5 17.h4 Ne6 18.Be3 Nh5 19.Qd2 g5 20.hxg5 hxg5 21.Nd5 b5 22.g4 Nhf4 
23.cxb5 Nxe2+ 24.Qxe2 Rb8 25.Qd2 Bxb5 26.Bf1 Bxf1 27.Rxf1 c6 28.Nc3 a3 29.
Rb3 Be5 30.Kg2 Kg7 31.Ne2 Qf6 32.Ng3 Bxg3 33.Kxg3 Rh8 34.Qc3 Qe5+ 35.Qxe5+
dxe5 36.Rxa3 Rxb4 37.Rc3 Rb2 38.Rf2 Rxf2 39.Kxf2 Rh2+ 40.Ke1 Rxa2 41.Rxc6 
Rh2 42.Kf1 Rb2 43.Ke1 Kf6 44.Ra6 Rb7 45.Kf2 Ke7 46.Ra7 Rxa7 47.Bxa7 f6 
1/2-1/2

[Event "19th EUR-ch"]
[Site "Batumi GEO"]
[Date "2018.03.25"]
[Round "8.90"]
[White "Mirzoyan, David"]
[Black "Repka, Christopher"]
[Result "0-1"]
[WhiteElo "2350"]
[BlackElo "2524"]
[EventDate "2018.03.17"]
[PlyCount "92"]

1.d4 Nf6 2.c4 e6 3.Nf3 Bb4+ 4.Nbd2 O-O 5.a3 Be7 6.e4 d6 7.Be2 Nfd7 8.Nb1 
d5 9.Nc3 dxe4 10.Nxe4 b6 11.Qc2 Bb7 12.O-O Nf6 13.Nc3 c5 14.Rd1 Qc8 15.Bf4
cxd4 16.Nxd4 a6 17.b4 Nbd7 18.Bg3 Rd8 19.Rac1 Bf8 20.Na4 e5 21.Nf3 Qc6 22.
Bf1 a5 23.Nc3 axb4 24.axb4 Qe6 25.Nd5 Rac8 26.Nxf6+ Nxf6 27.Rxd8 Rxd8 28.
Nxe5 Bxb4 29.Qb3 Bc5 30.Nd3 Bd4 31.Nf4 Qd7 32.Re1 h5 33.Bh4 Qf5 34.Nh3 Bc5
35.Bxf6 Qxf6 36.Rd1 Re8 37.Qg3 h4 38.Qf4 Qe7 39.Qg5 Qxg5 40.Nxg5 f6 41.Nf3
h3 42.Ne1 hxg2 43.Bxg2 Bxg2 44.Nxg2 Re4 45.Rc1 Re2 46.Ne3 Rxe3 0-1

[Event "19th EUR-ch"]
[Site "Batumi GEO"]
[Date "2018.03.25"]
[Round "8.91"]
[White "Fernandez, Daniel Howard"]
[Black "Hayrapetyan, Artavazd R."]
[Result "1-0"]
[WhiteElo "2505"]
[BlackElo "2370"]
[EventDate "2018.03.17"]
[PlyCount "83"]

1.e4 e6 2.f4 d5 3.e5 c5 4.Nf3 Nc6 5.c3 Rb8 6.a4 a6 7.d4 b5 8.axb5 axb5 9.
dxc5 Bxc5 10.b4 Be7 11.Na3 Bd7 12.Nxb5 Nxb4 13.cxb4 Bxb5 14.Bxb5+ Rxb5 15.
Nd4 Rxb4 16.Be3 Rc4 17.f5 exf5 18.Nxf5 g6 19.O-O gxf5 20.Qh5 Qc8 21.Rxf5 
Qe6 22.Rxf7 Qg6 23.Qf3 Rc8 24.Rf4 Rd8 25.Rfa4 h5 26.Qf1 Rh7 27.Ra8 Qe6 28.
Qb5+ Kf7 29.Qd3 Qg6 30.e6+ Kg7 31.Qd4+ Qf6 32.Rxd8 Bxd8 33.Ra7+ Be7 34.
Qxd5 Kg6 35.Ra5 Nh6 36.Qxh5+ Kg7 37.h3 Qxe6 38.Bd4+ Bf6 39.Qg5+ Kf7 40.
Ra7+ Be7 41.Qh5+ Kg8 42.Qe8+ 1-0